Physics /

Kaydedildi:
Detaylı Bibliyografya
Yazar: Ohanian, Hans C. (autor)
Materyal Türü: Kitap
Dil:İngilizce
Baskı/Yayın Bilgisi: Nueva York, EUA : Norton, 1989, c1989
Edisyon:2a edición
Konular:
Etiketler: Etiketle
Etiket eklenmemiş, İlk siz ekleyin!

MARC

LEADER 00000nam^a2200000^a^4500
001 000145058
005 20250521000000.0
009 20260310095821.711
020 |a 0-393-95786-1 
037 |a Acervo ITESO - Biblioteca 
041 |a ING 
082 |a 530.  |b OHA 
100 |a Ohanian, Hans C.  |e (autor) 
240 1 1 |a [Ohanian's Physics] 
245 1 0 |a Physics /  |c H.C. Ohanian. 
250 |a 2a edición 
264 4 |a Nueva York, EUA :  |b Norton,  |c 1989, c1989 
300 |a 2 v. 
336 |a texto  |b txt  |2 rdacontenido 
337 |a sin mediación  |b n  |2 rdamedio 
338 |a volumen  |b nc  |2 rdasoporte 
649 |a XX 
650 |a Relatividad (Física) 
650 |a Física Nuclear 
650 |a Física 
910 |a Fondo General 
920 |a Impresos - Libros 
930 |a Colección General 
905 |a 101 
901 |a 0500074086  |b IT1  |c ACC  |u 20250521 
901 |a 0500079593  |b IT1  |c ACC  |u 20250521 
902 |a https://opac.biblio.iteso.mx/vufind/Record/000145058